000 00623nam a22002177a 4500
003 UA-OsUOA
001 56448
007 ta
008 20081028b un ||||| |||| 00| 0 ukr d
100 _aМатичак П.
090 _a330
_bМ34
942 _cSA
040 _aUA-OsUOA
_bukr
_cUA-OsUOA
_dUA-OsUOA
245 _aПроблеми реформування податкової системи та шляхи їх вирішення
300 _aС.26-28
955 _a0
041 _aukr
080 _a330
773 0 _w56440
_tЕкономіст
_dК.
_d2008
_g9
650 7 _a330 Економіка взагалі
_2UDC
999 _c342533
_d342533